Handbook of plastics joining : (Record no. 9630)
[ view plain ]
| 000 -LEADER | |
|---|---|
| fixed length control field | 01178nac a22002651u 4500 |
| 010 ## - LIBRARY OF CONGRESS CONTROL NUMBER | |
| LC control number | 97065526 |
| 020 ## - INTERNATIONAL STANDARD BOOK NUMBER | |
| International Standard Book Number | 1884207170 |
| 035 ## - SYSTEM CONTROL NUMBER | |
| System control number | (OCoLC)36576504 |
| 082 00 - DEWEY DECIMAL CLASSIFICATION NUMBER | |
| Classification number | 668.4 |
| Item number | PLA |
| 090 ## - LOCALLY ASSIGNED LC-TYPE CALL NUMBER (OCLC); LOCAL CALL NUMBER (OCLC) | |
| -- | 9630 |
| -- | 9630 |
| 100 ## - MAIN ENTRY--PERSONAL NAME | |
| Personal name | 20080729 |
| 245 00 - TITLE STATEMENT | |
| Title | Handbook of plastics joining : |
| Remainder of title | a practical guide / |
| Statement of responsibility, etc | Plastics Design Library. |
| 260 ## - PUBLICATION, DISTRIBUTION, ETC. (IMPRINT) | |
| Place of publication, distribution, etc | Norwich, N.Y. : |
| Name of publisher, distributor, etc | The Library,1997 |
| Date of publication, distribution, etc | c1997. |
| 300 ## - PHYSICAL DESCRIPTION | |
| Extent | ii, 586 p. : |
| Other physical details | ill. ; |
| Dimensions | 29 cm. |
| 440 #0 - | |
| -- | PDL handbook series |
| 500 ## - GENERAL NOTE | |
| General note | "Is a unique reference publication that provides detailed descriptions of joining processes and an extensive compilation of data on the joining of particular plastic materials" -- Introd. |
| 500 ## - GENERAL NOTE | |
| General note | distributer: Al-Ahram |
| 504 ## - BIBLIOGRAPHY, ETC. NOTE | |
| Bibliography, etc | Includes bibliographical references (p. [551]-559) and index. |
| 511 ## - PARTICIPANT OR PERFORMER NOTE | |
| Participant or performer note | catalogued by: wessam |
| 650 #0 - SUBJECT ADDED ENTRY--TOPICAL TERM | |
| Topical term or geographic name as entry element | Plastics |
| General subdivision | Welding |
| -- | Handbooks, manuals, etc. |
| 710 2# - ADDED ENTRY--CORPORATE NAME | |
| Corporate name or jurisdiction name as entry element | Plastics Design Library. |
| 856 42 - ELECTRONIC LOCATION AND ACCESS | |
| Materials specified | Publisher description |
| Uniform Resource Identifier | <a href="http://www.loc.gov/catdir/description/wap041/97065526.html">http://www.loc.gov/catdir/description/wap041/97065526.html</a> |
| 856 42 - ELECTRONIC LOCATION AND ACCESS | |
| Materials specified | Table of contents |
| Uniform Resource Identifier | <a href="http://www.loc.gov/catdir/toc/wap041/97065526.html">http://www.loc.gov/catdir/toc/wap041/97065526.html</a> |
| 942 ## - ADDED ENTRY ELEMENTS (KOHA) | |
| Item type | Book - Borrowing |
| Call number prefix | 668.4PLA |
| Withdrawn status | Item status | Damaged status | Not for loan | Home library | Current library | Shelving location | Date acquired | Source of acquisition | Total Checkouts | Full call number | Barcode | Date last seen | Koha item type |
|---|---|---|---|---|---|---|---|---|---|---|---|---|---|
| Central Library | Central Library | First floor | 25/05/2008 | Purchase | 668.4PLA | 000011611 | 15/07/2025 | Book - Borrowing |